Miloš Balgavý. Svetlo farieb Slovenská národná galéria Vermesova vila Dunajská Streda 11. február-13. apríl 1997, Zvolenský zámok Zvolen 2. jún-7. september 1997, Oravská galéria Dolný Kubín 16. október-31. január 1998, The Studio Glass Gallery Londýn 1998
| Other Authors: | , , , , , , , , , , |
|---|---|
| Format: | Book |
| Language: | Slovak English French German |
| Published: |
Bratislava
Slovenská národná galéria
1997
|
| Subjects: |
MARC
| LEADER | 00000nam a2200000 a 4500 | ||
|---|---|---|---|
| 001 | vtls001414124 | ||
| 003 | SK-MaSNL | ||
| 005 | 20260331204007.0 | ||
| 008 | 130607s1997 xo a g c 00000dslo | ||
| 015 | |a SNBE2001/04-02543 | ||
| 020 | |a 8085188996 | ||
| 035 | |a SNK000368849 | ||
| 040 | |a SNK |b slo |c SNK |e AACR2 | ||
| 041 | 0 | |a slo |a eng |a fre |a ger | |
| 044 | |a xo |c SK | ||
| 080 | |a 748.071.1:061.4(437.6)+(410)(083.9) |2 1981 | ||
| 080 | |a 069.6.02:73/76 |2 1981 | ||
| 080 | |a 929 Balgavý, Miloš |2 1981 | ||
| 100 | 1 | |a Balgavý, Miloš, |d 1955- |4 art |9 36889 | |
| 245 | 1 | 0 | |a Miloš Balgavý. Svetlo farieb |b Slovenská národná galéria Vermesova vila Dunajská Streda 11. február-13. apríl 1997, Zvolenský zámok Zvolen 2. jún-7. september 1997, Oravská galéria Dolný Kubín 16. október-31. január 1998, The Studio Glass Gallery Londýn 1998 |c text Katarína Bajcurová ; foto Gabriel Urbánek, Dano Zachar, Blažej Vittek ; grafická úprava katalógu Dušan Junek ; preklady angličtina Zlatica Juhásová, Adriana Prior, Gary Prior ; francúština Emanuela Zbyňovská, Alena Flašková ; nemčina Anna Tandlmajerová |
| 246 | 3 | 0 | |a Svetlo farieb |
| 260 | |a Bratislava |b Slovenská národná galéria |c 1997 | ||
| 300 | |a [11] s.+[20] l. |b fareb. fotoreprod. |c 30 cm | ||
| 366 | |e 700 výt. | ||
| 500 | |a Text čiast. angl., franc., nem. | ||
| 500 | |a Vyd. v spolupráci s Grafig Studio | ||
| 500 | |a Katalóg v prebale. Biogr. údaje | ||
| 650 | 0 | 7 | |a slovenské výtvarné umenie |2 SNKPH |9 68597 |
| 650 | 0 | 7 | |a výtvarníci |2 SNKPH |9 118705 |
| 655 | 7 | |a katalógy výstav |2 SNKPH |9 70445 | |
| 700 | 1 | |a Bajcurová, Katarína, |d 1957- |4 aft |9 86312 | |
| 700 | 1 | |a Urbánek, Gabriel |4 pht |9 47486 | |
| 700 | 1 | |a Zachar, Daniel, |d 1950- |4 pht |9 167407 | |
| 700 | 1 | |a Vittek, Blažej |4 pht |9 47636 | |
| 700 | 1 | |a Juhásová, Zlatica |4 trl |9 385104 | |
| 700 | 1 | |a Zbyňovská, Emanuella |4 trl |9 687617 | |
| 700 | 1 | |a Flašková, Alena |4 trl |9 687618 | |
| 700 | 1 | |a Hof, Suzanne |4 trl |9 292210 | |
| 700 | 1 | |a Prior, Gary |4 trl |9 687619 | |
| 700 | 1 | |a Tandlmajerová, Anna |4 trl |9 268312 | |
| 700 | 1 | |a Prior, Adriana |4 trl |9 687620 | |
| 710 | 2 | |a Vermesova vila (Dunajská Streda, Slovensko) |4 orm |9 32432 | |
| 710 | 2 | |a Slovenská národná galéria. |b Expozícia Zvolenský zámok |4 orm |9 32435 | |
| 710 | 2 | |a Oravská galéria (Dolný Kubín, Slovensko) |4 orm |9 32352 | |
| 710 | 2 | |a The Studio Glass Gallery (Londýn, Anglicko) |4 orm |9 687621 | |
| 919 | |a 80-85188-99-6 | ||
| 958 | |a BX | ||
| 999 | |c 1069406 |d 1071336 | ||
| 952 | |t P60, <03>, [BOOK], {603} |a SNK |b SNK |y PREZ |7 0 |p 17A0303025 |o snkOSB 12983 |i snkKSP 6847/2001 |0 0 |1 0 |4 0 |d 2001-06-04 |l 0 |r 2005-01-02 00:00:00 |w 2026-02-24 | ||


